000 00701nam a2200277Ia 4500
001 Z_5866
003 CHAP
008 220113s2=00 xx 000 0 und d
010 _a169074
020 _a84-205-30502-8
040 _cCHAP
082 _a001.6424 C6y
100 _aCowart, Robert
_928720
245 _aMicrosoft Windows XP home edition /
_cRobert Cowart and Brian Knittel
260 _aMadrid :
_b Prentice Hall,
_c2002
300 _a1167 p.
503 _ac/e
650 _aSistemas operativos (Computadoras)
_9106775
650 _aWindows (Sistema operativo)
_9122259
901 _a001.6424 C6Y
902 _aA
910 _a2=00
942 _c1
942 _cc1
999 _c169074
_d169074